00731 2200181 4500245004300000020002200043250001200065100002100077700001800098650002000116005001900136260004800155041001400203084001100217300002800228500028400256336000900540 aLaut BerceritacLeila S. ChudorihText a978-602-424-694-5 aCet. 35 aLeila S. Chudori aEndah Sulwesi aNovel Indonesia a20240125080826 aJakartabKepustakaan Populer Gramediac2017 aIndonesia a808.83 ax, 379 hlm. :c19,5 cm. aNovel Laut Bercerita bertutur tentang kisah keluarga yang kehilangan, sekumpulan sahabat yang merasakan kekosongan di dada, sekelompok orang yang gemar menyiksa dan lancar berkhianat, sejumlah keluarga yang mencari kejelasan makam anaknya, dan tentang cinta yang tak akan luntur. atext